000 00591nam a2200229Ia 4500
001 2982
003 GE_BSU
008 181216s||||||||xx |||||||||||||| ||und||
020 _a586509050x
040 _cGE_BSU
080 _a336(075.8)
100 _aВ.Г. Артеменко, М.В. Артеменко
245 _aФинансовый анализ
245 _bУчебное пособие
260 _aМосква
260 _bДИЦ
260 _c1997
300 _a128 с. 20 см.
541 _h2 л. 10 т.
653 _aФинансовый анализ
942 _cBK
999 _c37028
_d37028